| 000 | 00615nam a22001937a 4500 | ||
|---|---|---|---|
| 005 | 20170816124127.0 | ||
| 010 | _aENG-119695 | ||
| 020 | _c990.00 | ||
| 035 | _aEN-103227 | ||
| 037 | _bDBAD/PUB | ||
| 082 | _a309.173092 | ||
| 100 | _aReddy, V. Rami | ||
| 245 |
_aFoundations ohf physical anthropology and human evolution / _cby V. Rami Reddy |
||
| 260 |
_aTirupati (AP) _bV. Indira _c2012 |
||
| 270 |
_a8-30, (Opp.) Vidyanagar, SVUNT Colony, _bTirupati (AP) _e517502 |
||
| 300 |
_aiv,380p. _c26cm(pbk) |
||
| 500 | _aIncludes bibliographical references | ||
| 942 |
_2ddc _cEN _h309.173092 _mRED |
||
| 999 |
_c143407 _d143407 |
||